01663nam a22001457a 4500008004100000020001800041050001600059100001900075245004300094260006400137300002100201500002000222505125700242650001801499150204b xxu||||| |||| 00| 0 eng d a9789988193799 aKRR78.G5Ow7 aOwusu, Kwadwo  aBusiness law in Ghana. /cKwadwo Owusu aAccra:bMozey Publications and Educational Supplies,c2014. axxv,582p.:c26cm aIncludes index. aContents: The Legal System -- The Law of contract: The Law Contract -- Acceptance -- Form and Consideration -- Intention to Create Legal relations: Capacity -- Terms and Contents of a contract -- Mistake -- Misrepresentation -- Duress and undue influence -- Public policy and the enforcement of contractual obligations -- Parties to a contract: Assignment -- Discharge of contract -- Discharge of contract by frustration -- Damages for breach of contract and limitation of actions -- Particular contracts, tort and immovable property: The Law of agency -- Sale of goods -- Hire purchase -- Negotiable instruments- Law of banking -- The Law of tort -- Contract of employment -- The Law of Immovable property -- Nature and meaning of partnership -- Registration of partnership -- Relations of firm and partners to persons dealing with them -- Mortgages, charges and accounts -- Relation of partners to one another -- Winding- up of a firm -- Company Law: Nature and types of companies -- The Formation of a company -- Acts by or on behalf of the company -- Equity and loan capital -- Auditors, secretaries and directors -- Shareholders -- disclosure of corporate information -- winding- up and the liquidation of a company -- Capital re- organisation.  aBusiness Law.